000 00642nam a2200277Ia 4500
005 20260324135136.0
008 008 260324s9999 xx 000 0 eng d
020 _a9780203460009
037 _aEBOOK
040 _aCRL
040 _beng
040 _cCRL
041 _2eng
041 _aeng
084 _qCRL
100 _aAiko Ikeo
_91199493
245 0 _aJapanese Economics and Economists since 1945
260 _bTaylor and Francis
260 _c2000
365 _a
365 _b300
856 _uhttp://www.taylorfrancis.com/books/9780203460009
942 _cEBOOK
999 _c1800261
_d1800261